[Event "DEM U14 2025"]
[Site "Willingen GER"]
[Date "2025.06.11"]
[Round "5"]
[White "Albrecht, Neil"]
[Black "Nemitz, Alfred"]
[Result "1/2-1/2"]
[Termination "normal"]
[Board "1"]
[BlackTitle "FM"]
[WhiteElo "2131"]
[BlackElo "2315"]
[WhiteClock "00:32:43"]
[BlackClock "00:31:59"]
[PlyCount "99"]
[WhiteFideId "34621091"]
[BlackFideId "34601791"]
[EventCountry "GER"]
[EventRounds "9"]
[EventType "swiss"]
[EventDate "2025.06.07"]

1. e4 {[%clk 01:30:56]} {[%emt 00:00:03]} e5 {[%clk 01:30:58]} {[%emt
00:00:03]} 2. Nf3 {[%clk 01:31:19]} {[%emt 00:00:07]} Nc6 {[%clk 01:31:25]}
{[%emt 00:00:03]} 3. Nc3 {[%clk 01:31:43]} {[%emt 00:00:06]} Nf6 {[%clk
01:31:46]} {[%emt 00:00:10]} 4. d4 {[%clk 01:32:07]} {[%emt 00:00:05]} exd4
{[%clk 01:32:10]} {[%emt 00:00:06]} 5. Nxd4 {[%clk 01:32:30]} {[%emt 00:00:07]}
Nxe4 {[%clk 01:20:09]} {[%emt 00:12:31]} 6. Nxc6 {[%clk 01:31:49]} {[%emt
00:01:11]} Nxc3 {[%clk 01:20:34]} {[%emt 00:00:05]} 7. Nxd8 {[%clk 01:32:12]}
{[%emt 00:00:07]} Nxd1 {[%clk 01:21:01]} {[%emt 00:00:03]} 8. Nxf7 {[%clk
01:32:33]} {[%emt 00:00:09]} Kxf7 {[%clk 01:21:25]} {[%emt 00:00:05]} 9. Bc4+
{[%clk 01:32:45]} {[%emt 00:00:19]} Kf6 {[%clk 01:19:47]} {[%emt 00:02:08]} 10.
h4 {[%clk 01:31:12]} {[%emt 00:02:02]} c6 {[%clk 01:06:18]} {[%emt 00:13:59]}
11. Bg5+ {[%clk 01:25:33]} {[%emt 00:06:09]} Kg6 {[%clk 01:06:46]} {[%emt
00:00:03]} 12. Rxd1 {[%clk 01:24:33]} {[%emt 00:01:30]} d5 {[%clk 01:07:00]}
{[%emt 00:00:15]} 13. Bd3+ {[%clk 01:24:37]} {[%emt 00:00:27]} Kf7 {[%clk
01:04:31]} {[%emt 00:02:59]} 14. h5 {[%clk 01:16:47]} {[%emt 00:08:20]} Bg4
{[%clk 01:02:38]} {[%emt 00:02:22]} 15. f3 {[%clk 01:16:05]} {[%emt 00:01:12]}
Re8+ {[%clk 01:03:02]} {[%emt 00:00:07]} 16. Kf1 {[%clk 01:11:05]} {[%emt
00:05:30]} Bd7 {[%clk 01:03:08]} {[%emt 00:00:24]} 17. g4 {[%clk 01:09:20]}
{[%emt 00:02:15]} Be7 {[%clk 01:01:43]} {[%emt 00:01:55]} 18. Bf4 {[%clk
01:05:06]} {[%emt 00:04:44]} g6 {[%clk 00:55:37]} {[%emt 00:06:36]} 19. g5
{[%clk 00:54:03]} {[%emt 00:11:33]} Bc5 {[%clk 00:51:03]} {[%emt 00:05:02]} 20.
Rd2 {[%clk 00:48:34]} {[%emt 00:06:00]} Bd4 {[%clk 00:45:04]} {[%emt 00:06:29]}
21. c3 {[%clk 00:46:48]} {[%emt 00:02:17]} Bg7 {[%clk 00:45:12]} {[%emt
00:00:21]} 22. Bd6 {[%clk 00:38:47]} {[%emt 00:08:31]} b6 {[%clk 00:36:30]}
{[%emt 00:09:12]} 23. Rh4 {[%clk 00:36:21]} {[%emt 00:02:56]} Bf5 {[%clk
00:22:46]} {[%emt 00:14:14]} 24. Bxf5 {[%clk 00:32:20]} {[%emt 00:04:32]} gxf5
{[%clk 00:18:55]} {[%emt 00:04:21]} 25. Ra4 {[%clk 00:31:35]} {[%emt 00:01:14]}
Ra8 {[%clk 00:18:46]} {[%emt 00:00:40]} 26. Re2 {[%clk 00:30:46]} {[%emt
00:01:18]} Rhe8 {[%clk 00:09:14]} {[%emt 00:10:03]} 27. Rxe8 {[%clk 00:25:15]}
{[%emt 00:06:00]} Kxe8 {[%clk 00:09:43]} {[%emt 00:00:02]} 28. Bc7 {[%clk
00:24:49]} {[%emt 00:00:56]} b5 {[%clk 00:09:21]} {[%emt 00:00:52]} 29. Ra6
{[%clk 00:24:49]} {[%emt 00:00:30]} Bf8 {[%clk 00:07:37]} {[%emt 00:02:13]} 30.
Be5 {[%clk 00:22:50]} {[%emt 00:02:29]} Kd7 {[%clk 00:06:48]} {[%emt 00:01:19]}
31. g6 {[%clk 00:18:34]} {[%emt 00:04:46]} hxg6 {[%clk 00:07:16]} {[%emt
00:00:02]} 32. hxg6 {[%clk 00:18:59]} {[%emt 00:00:05]} Bc5 {[%clk 00:06:59]}
{[%emt 00:00:47]} 33. a4 {[%clk 00:15:34]} {[%emt 00:03:56]} bxa4 {[%clk
00:05:52]} {[%emt 00:01:37]} 34. Rxa4 {[%clk 00:15:57]} {[%emt 00:00:07]} Rg8
{[%clk 00:05:04]} {[%emt 00:01:18]} 35. g7 {[%clk 00:16:02]} {[%emt 00:00:25]}
f4 {[%clk 00:03:51]} {[%emt 00:01:43]} 36. Bd4 {[%clk 00:11:25]} {[%emt
00:05:06]} Bb6 {[%clk 00:04:03]} {[%emt 00:00:18]} 37. Bxb6 {[%clk 00:09:02]}
{[%emt 00:02:54]} axb6 {[%clk 00:04:31]} {[%emt 00:00:01]} 38. Ra7+ {[%clk
00:08:05]} {[%emt 00:01:28]} Ke6 {[%clk 00:04:29]} {[%emt 00:00:32]} 39. Rb7
{[%clk 00:07:52]} {[%emt 00:00:43]} b5 {[%clk 00:03:35]} {[%emt 00:01:24]} 40.
Kf2 {[%clk 00:05:19]} {[%emt 00:03:03]} Kf6 {[%clk 00:02:36]} {[%emt 00:01:29]}
41. Rc7 {[%clk 00:04:18]} {[%emt 00:01:30]} Rxg7 {[%clk 00:29:59]} {[%emt
00:03:06]} 42. Rxc6+ {[%clk 00:34:35]} {[%emt 00:00:15]} Ke5 {[%clk 00:30:19]}
{[%emt 00:00:09]} 43. Rb6 {[%clk 00:34:30]} {[%emt 00:00:36]} Rh7 {[%clk
00:29:58]} {[%emt 00:00:51]} 44. Kg2 {[%clk 00:34:17]} {[%emt 00:00:42]} Rg7+
{[%clk 00:30:23]} {[%emt 00:00:05]} 45. Kf2 {[%clk 00:34:37]} {[%emt 00:00:11]}
Rh7 {[%clk 00:30:48]} {[%emt 00:00:04]} 46. Rxb5 {[%clk 00:34:25]} {[%emt
00:00:43]} Rh2+ {[%clk 00:31:08]} {[%emt 00:00:09]} 47. Kf1 {[%clk 00:33:27]}
{[%emt 00:01:28]} Rc2 {[%clk 00:31:26]} {[%emt 00:00:12]} 48. Ke1 {[%clk
00:32:43]} {[%emt 00:01:14]} Kd6 {[%clk 00:31:34]} {[%emt 00:00:21]} 49. Rb4
{[%clk 00:32:55]} {[%emt 00:00:19]} Ke5 {[%clk 00:31:59]} {[%emt 00:00:05]} 50.
Rb5 {[%clk 00:32:43]} {[%emt 00:00:43]} 1/2-1/2

[Event "DEM U14 2025"]
[Site "Willingen GER"]
[Date "2025.06.11"]
[Round "5"]
[White "Herrmann, Arthur"]
[Black "Mohylnyi, Stepan"]
[Result "1/2-1/2"]
[Termination "normal"]
[Board "2"]
[BlackTitle "FM"]
[WhiteElo "2089"]
[BlackElo "2314"]
[WhiteClock "00:01:25"]
[BlackClock "00:08:31"]
[PlyCount "76"]
[WhiteFideId "16287150"]
[BlackFideId "34127836"]
[EventCountry "GER"]
[EventRounds "9"]
[EventType "swiss"]
[EventDate "2025.06.07"]

1. e4 {[%clk 01:30:56]} {[%emt 00:00:04]} c5 {[%clk 01:30:55]} {[%emt
00:00:06]} 2. Nf3 {[%clk 01:31:21]} {[%emt 00:00:05]} e6 {[%clk 01:31:21]}
{[%emt 00:00:03]} 3. d4 {[%clk 01:31:47]} {[%emt 00:00:05]} cxd4 {[%clk
01:31:49]} {[%emt 00:00:02]} 4. Nxd4 {[%clk 01:32:12]} {[%emt 00:00:05]} Nc6
{[%clk 01:32:16]} {[%emt 00:00:03]} 5. Nc3 {[%clk 01:26:57]} {[%emt 00:05:44]}
a6 {[%clk 01:31:41]} {[%emt 00:01:06]} 6. Be3 {[%clk 01:24:59]} {[%emt
00:02:28]} Nf6 {[%clk 01:31:54]} {[%emt 00:00:16]} 7. a3 {[%clk 01:24:11]}
{[%emt 00:01:19]} Qc7 {[%clk 01:32:08]} {[%emt 00:00:16]} 8. f4 {[%clk
01:21:36]} {[%emt 00:03:05]} d6 {[%clk 01:30:34]} {[%emt 00:02:04]} 9. Qf3
{[%clk 01:21:13]} {[%emt 00:00:53]} Be7 {[%clk 01:29:15]} {[%emt 00:01:49]} 10.
O-O-O {[%clk 01:20:29]} {[%emt 00:01:13]} O-O {[%clk 01:23:34]} {[%emt
00:06:11]} 11. Nxc6 {[%clk 01:20:39]} {[%emt 00:00:21]} bxc6 {[%clk 01:18:28]}
{[%emt 00:05:36]} 12. g4 {[%clk 01:20:54]} {[%emt 00:00:14]} d5 {[%clk
01:13:50]} {[%emt 00:05:09]} 13. g5 {[%clk 01:20:07]} {[%emt 00:01:17]} dxe4
{[%clk 01:04:01]} {[%emt 00:10:19]} 14. Nxe4 {[%clk 01:18:49]} {[%emt
00:01:48]} Nd5 {[%clk 01:02:51]} {[%emt 00:01:39]} 15. Bd3 {[%clk 00:35:03]}
{[%emt 00:44:16]} Bb7 {[%clk 00:40:54]} {[%emt 00:22:28]} 16. Bd2 {[%clk
00:29:56]} {[%emt 00:05:36]} c5 {[%clk 00:29:51]} {[%emt 00:11:33]} 17. c4
{[%clk 00:21:20]} {[%emt 00:09:06]} f5 {[%clk 00:27:56]} {[%emt 00:02:26]} 18.
gxf6 {[%clk 00:18:35]} {[%emt 00:03:14]} Nxf6 {[%clk 00:28:15]} {[%emt
00:00:11]} 19. Qh3 {[%clk 00:10:04]} {[%emt 00:09:01]} Nxe4 {[%clk 00:26:37]}
{[%emt 00:02:08]} 20. Bxe4 {[%clk 00:10:25]} {[%emt 00:00:10]} Bxe4 {[%clk
00:26:29]} {[%emt 00:00:37]} 21. Qxe6+ {[%clk 00:10:50]} {[%emt 00:00:05]} Kh8
{[%clk 00:26:58]} {[%emt 00:00:02]} 22. Qxe4 {[%clk 00:11:14]} {[%emt
00:00:06]} Bf6 {[%clk 00:26:49]} {[%emt 00:00:38]} 23. Qc2 {[%clk 00:08:20]}
{[%emt 00:03:24]} Rab8 {[%clk 00:27:09]} {[%emt 00:00:11]} 24. Bc3 {[%clk
00:05:40]} {[%emt 00:03:10]} Qxf4+ {[%clk 00:24:39]} {[%emt 00:02:59]} 25. Kb1
{[%clk 00:03:31]} {[%emt 00:02:39]} Bxc3 {[%clk 00:15:01]} {[%emt 00:10:08]}
26. Qxc3 {[%clk 00:03:56]} {[%emt 00:00:05]} Qe4+ {[%clk 00:15:30]} {[%emt
00:00:02]} 27. Ka1 {[%clk 00:03:24]} {[%emt 00:01:02]} Rf3 {[%clk 00:15:56]}
{[%emt 00:00:03]} 28. Qd2 {[%clk 00:01:04]} {[%emt 00:02:50]} Qe5 {[%clk
00:13:44]} {[%emt 00:02:42]} 29. Ka2 {[%clk 00:00:53]} {[%emt 00:00:41]} Qf6
{[%clk 00:14:12]} {[%emt 00:00:03]} 30. Rhe1 {[%clk 00:00:51]} {[%emt
00:00:31]} Rfb3 {[%clk 00:14:24]} {[%emt 00:00:18]} 31. Re2 {[%clk 00:00:45]}
{[%emt 00:00:36]} Qb6 {[%clk 00:13:28]} {[%emt 00:01:26]} 32. Qc2 {[%clk
00:01:07]} {[%emt 00:00:08]} h6 {[%clk 00:12:49]} {[%emt 00:01:09]} 33. Rd3
{[%clk 00:01:18]} {[%emt 00:00:19]} Rxd3 {[%clk 00:10:45]} {[%emt 00:02:34]}
34. Qxd3 {[%clk 00:01:47]} Qf6 {[%clk 00:10:57]} {[%emt 00:00:18]} 35. Qg3
{[%clk 00:01:24]} {[%emt 00:00:53]} Rd8 {[%clk 00:10:45]} {[%emt 00:00:42]} 36.
Qe5 {[%clk 00:01:27]} {[%emt 00:00:27]} Qf1 {[%clk 00:08:43]} {[%emt 00:02:33]}
37. Qe7 {[%clk 00:01:04]} {[%emt 00:00:52]} Rb8 {[%clk 00:08:19]} {[%emt
00:00:54]} 38. Qe5 {[%clk 00:01:25]} {[%emt 00:00:09]} Rd8 {[%clk 00:08:31]}
{[%emt 00:00:18]} 1/2-1/2

[Event "DEM U14 2025"]
[Site "Willingen GER"]
[Date "2025.06.11"]
[Round "5"]
[White "Mandalka, Justus"]
[Black "Stephanblome, Felix"]
[Result "0-1"]
[Termination "normal"]
[Board "3"]
[WhiteElo "2076"]
[BlackElo "2022"]
[WhiteClock "00:30:20"]
[BlackClock "00:41:54"]
[PlyCount "60"]
[WhiteFideId "16298144"]
[BlackFideId "34661026"]
[EventCountry "GER"]
[EventRounds "9"]
[EventType "swiss"]
[EventDate "2025.06.07"]

1. e4 {[%clk 01:30:58]} {[%emt 00:00:01]} e5 {[%clk 01:30:53]} {[%emt
00:00:08]} 2. Nf3 {[%clk 01:31:24]} {[%emt 00:00:04]} Nc6 {[%clk 01:31:18]}
{[%emt 00:00:05]} 3. d4 {[%clk 01:31:51]} {[%emt 00:00:03]} exd4 {[%clk
01:31:44]} {[%emt 00:00:04]} 4. Nxd4 {[%clk 01:32:18]} {[%emt 00:00:04]} Bc5
{[%clk 01:32:08]} {[%emt 00:00:05]} 5. Nb3 {[%clk 01:32:43]} {[%emt 00:00:05]}
Bb6 {[%clk 01:32:31]} {[%emt 00:00:06]} 6. Nc3 {[%clk 01:33:09]} {[%emt
00:00:05]} Nf6 {[%clk 01:32:53]} {[%emt 00:00:07]} 7. Qe2 {[%clk 01:33:34]}
{[%emt 00:00:05]} O-O {[%clk 01:33:05]} {[%emt 00:00:18]} 8. Be3 {[%clk
01:32:19]} {[%emt 00:01:46]} d5 {[%clk 01:33:13]} {[%emt 00:00:22]} 9. Bxb6
{[%clk 01:32:10]} {[%emt 00:00:38]} axb6 {[%clk 01:33:13]} {[%emt 00:00:30]}
10. O-O-O {[%clk 01:32:14]} {[%emt 00:00:27]} d4 {[%clk 01:29:26]} {[%emt
00:04:17]} 11. Kb1 {[%clk 01:27:26]} {[%emt 00:05:18]} Be6 {[%clk 01:26:59]}
{[%emt 00:02:57]} 12. Nb5 {[%clk 01:08:07]} {[%emt 00:19:49]} Bxb3 {[%clk
01:19:41]} {[%emt 00:07:47]} 13. cxb3 {[%clk 01:06:50]} {[%emt 00:01:47]} Qe7
{[%clk 01:15:56]} {[%emt 00:04:15]} 14. e5 {[%clk 01:00:12]} {[%emt 00:07:08]}
Rfe8 {[%clk 00:59:07]} {[%emt 00:17:19]} 15. exf6 {[%clk 00:39:34]} {[%emt
00:21:08]} Qxe2 {[%clk 00:57:48]} {[%emt 00:01:49]} 16. Bxe2 {[%clk 00:40:02]}
{[%emt 00:00:02]} Rxe2 {[%clk 00:58:07]} {[%emt 00:00:11]} 17. Nxd4 {[%clk
00:38:47]} {[%emt 00:01:45]} Rxf2 {[%clk 00:54:04]} {[%emt 00:04:33]} 18. fxg7
{[%clk 00:33:49]} {[%emt 00:05:29]} Nxd4 {[%clk 00:49:12]} {[%emt 00:05:21]}
19. Rxd4 {[%clk 00:34:18]} {[%emt 00:00:02]} Re8 {[%clk 00:49:23]} {[%emt
00:00:19]} 20. Rc4 {[%clk 00:28:28]} {[%emt 00:06:20]} Ree2 {[%clk 00:48:24]}
{[%emt 00:01:29]} 21. Rxc7 {[%clk 00:28:08]} {[%emt 00:00:49]} Rxb2+ {[%clk
00:48:30]} {[%emt 00:00:24]} 22. Kc1 {[%clk 00:28:19]} {[%emt 00:00:19]} Rxa2
{[%clk 00:47:38]} {[%emt 00:01:22]} 23. Kb1 {[%clk 00:28:42]} {[%emt 00:00:08]}
Rfb2+ {[%clk 00:46:15]} {[%emt 00:01:52]} 24. Kc1 {[%clk 00:29:03]} {[%emt
00:00:09]} Rxg2 {[%clk 00:46:13]} {[%emt 00:00:32]} 25. Kb1 {[%clk 00:29:16]}
{[%emt 00:00:18]} Rgb2+ {[%clk 00:41:54]} {[%emt 00:04:48]} 26. Kc1 {[%clk
00:29:45]} {[%emt 00:00:02]} Rxh2 {[%clk 00:41:33]} {[%emt 00:00:50]} 27. Rxh2
{[%clk 00:30:10]} {[%emt 00:00:06]} Rxh2 {[%clk 00:41:58]} {[%emt 00:00:04]}
28. Rxb7 {[%clk 00:30:27]} {[%emt 00:00:14]} Rh6 {[%clk 00:42:12]} {[%emt
00:00:15]} 29. Kd2 {[%clk 00:30:29]} {[%emt 00:00:28]} Re6 {[%clk 00:42:33]}
{[%emt 00:00:09]} 30. Kd3 {[%clk 00:30:20]} {[%emt 00:00:40]} h5 {[%clk
00:41:54]} {[%emt 00:01:08]} 0-1

[Event "DEM U14 2025"]
[Site "Willingen GER"]
[Date "2025.06.11"]
[Round "5"]
[White "Schröder, Hannes Artur"]
[Black "Nguyen, Thanh An"]
[Result "0-1"]
[Termination "normal"]
[Board "4"]
[WhiteElo "1705"]
[BlackElo "2041"]
[WhiteClock "00:06:39"]
[BlackClock "00:40:35"]
[PlyCount "174"]
[WhiteFideId "34608818"]
[BlackFideId "34627804"]
[EventCountry "GER"]
[EventRounds "9"]
[EventType "swiss"]
[EventDate "2025.06.07"]

1. c4 {[%clk 01:30:57]} {[%emt 00:00:02]} c5 {[%clk 01:30:56]} {[%emt
00:00:05]} 2. g3 {[%clk 01:31:17]} {[%emt 00:00:08]} Nf6 {[%clk 01:31:22]}
{[%emt 00:00:05]} 3. Bg2 {[%clk 01:31:35]} {[%emt 00:00:12]} d5 {[%clk
01:31:24]} {[%emt 00:00:29]} 4. cxd5 {[%clk 01:30:23]} {[%emt 00:01:42]} Nxd5
{[%clk 01:31:46]} {[%emt 00:00:07]} 5. Nc3 {[%clk 01:30:46]} {[%emt 00:00:07]}
Nc7 {[%clk 01:31:20]} {[%emt 00:00:56]} 6. Nf3 {[%clk 01:29:54]} {[%emt
00:01:23]} Nc6 {[%clk 01:30:56]} {[%emt 00:00:53]} 7. O-O {[%clk 01:24:27]}
{[%emt 00:05:57]} e5 {[%clk 01:29:51]} {[%emt 00:01:35]} 8. d3 {[%clk
01:23:52]} {[%emt 00:01:05]} Be7 {[%clk 01:29:47]} {[%emt 00:00:35]} 9. b3
{[%clk 01:17:10]} {[%emt 00:07:11]} O-O {[%clk 01:27:31]} {[%emt 00:02:46]} 10.
Bb2 {[%clk 01:16:26]} {[%emt 00:01:14]} Ne6 {[%clk 01:26:24]} {[%emt 00:01:37]}
11. Re1 {[%clk 01:04:42]} {[%emt 00:12:13]} Rb8 {[%clk 01:18:57]} {[%emt
00:07:58]} 12. Nd2 {[%clk 00:53:27]} {[%emt 00:11:44]} Bd7 {[%clk 01:06:14]}
{[%emt 00:13:13]} 13. Nd5 {[%clk 00:52:43]} {[%emt 00:01:14]} f6 {[%clk
01:05:33]} {[%emt 00:01:12]} 14. Ne4 {[%clk 00:43:44]} {[%emt 00:09:29]} Be8
{[%clk 00:58:55]} {[%emt 00:07:07]} 15. Qc1 {[%clk 00:36:23]} {[%emt 00:07:52]}
Ncd4 {[%clk 00:37:11]} {[%emt 00:22:14]} 16. Nxe7+ {[%clk 00:27:10]} {[%emt
00:09:43]} Qxe7 {[%clk 00:37:32]} {[%emt 00:00:09]} 17. Ba3 {[%clk 00:27:19]}
{[%emt 00:00:21]} b6 {[%clk 00:36:23]} {[%emt 00:01:39]} 18. Qd2 {[%clk
00:16:17]} {[%emt 00:11:31]} Bf7 {[%clk 00:29:11]} {[%emt 00:07:43]} 19. Rac1
{[%clk 00:09:26]} {[%emt 00:07:20]} Nc7 {[%clk 00:26:13]} {[%emt 00:03:29]} 20.
Bb2 {[%clk 00:07:34]} {[%emt 00:02:22]} Rfd8 {[%clk 00:23:44]} {[%emt
00:02:58]} 21. Nc3 {[%clk 00:06:00]} {[%emt 00:02:05]} Rd7 {[%clk 00:21:02]}
{[%emt 00:03:12]} 22. Nd1 {[%clk 00:04:05]} {[%emt 00:02:23]} Rbd8 {[%clk
00:21:04]} {[%emt 00:00:29]} 23. Ne3 {[%clk 00:03:31]} {[%emt 00:01:04]} Bg6
{[%clk 00:20:35]} {[%emt 00:00:59]} 24. h4 {[%clk 00:03:08]} {[%emt 00:00:53]}
h5 {[%clk 00:19:46]} {[%emt 00:01:20]} 25. Bxd4 {[%clk 00:03:17]} {[%emt
00:00:21]} Rxd4 {[%clk 00:19:28]} {[%emt 00:00:47]} 26. Qb2 {[%clk 00:02:46]}
{[%emt 00:01:01]} Ne6 {[%clk 00:16:43]} {[%emt 00:03:15]} 27. Rc4 {[%clk
00:02:12]} {[%emt 00:01:05]} R4d7 {[%clk 00:16:06]} {[%emt 00:01:06]} 28. Rcc1
{[%clk 00:01:45]} {[%emt 00:00:56]} Nd4 {[%clk 00:15:54]} {[%emt 00:00:43]} 29.
Nc2 {[%clk 00:01:48]} {[%emt 00:00:27]} Ne6 {[%emt 00:02:42]} 30. Ne3 {[%clk
00:01:39]} {[%emt 00:00:38]} Nc7 {[%clk 00:12:24]} {[%emt 00:01:49]} 31. Bc6
{[%clk 00:01:35]} {[%emt 00:00:34]} Rd6 {[%clk 00:12:44]} {[%emt 00:00:11]} 32.
Bg2 {[%clk 00:01:46]} {[%emt 00:00:19]} Qe6 {[%clk 00:12:23]} {[%emt 00:00:50]}
33. b4 {[%clk 00:01:26]} {[%emt 00:00:50]} Na6 {[%clk 00:12:25]} {[%emt
00:00:29]} 34. bxc5 {[%clk 00:01:04]} {[%emt 00:00:52]} Nxc5 {[%clk 00:12:49]}
{[%emt 00:00:06]} 35. Nc4 {[%clk 00:00:58]} {[%emt 00:00:36]} Rd4 {[%clk
00:13:13]} {[%emt 00:00:05]} 36. Kh2 {[%clk 00:00:39]} {[%emt 00:00:50]} Bxd3
{[%clk 00:12:57]} {[%emt 00:00:46]} 37. Ne3 {[%clk 00:00:31]} {[%emt 00:00:38]}
Be4 {[%clk 00:12:32]} {[%emt 00:00:54]} 38. Bxe4 {[%clk 00:00:39]} {[%emt
00:00:22]} Nxe4 {[%clk 00:12:56]} {[%emt 00:00:06]} 39. Kg2 {[%clk 00:00:37]}
{[%emt 00:00:33]} Kh8 {[%clk 00:11:06]} {[%emt 00:02:19]} 40. Red1 {[%clk
00:00:31]} {[%emt 00:00:37]} f5 {[%clk 00:09:43]} {[%emt 00:01:52]} 41. Rxd4
{[%clk 00:19:06]} {[%emt 00:11:55]} Rxd4 {[%clk 00:37:23]} {[%emt 00:02:50]}
42. Qa3 {[%clk 00:17:04]} {[%emt 00:02:31]} f4 {[%clk 00:35:01]} {[%emt
00:02:54]} 43. Qf8+ {[%clk 00:11:39]} {[%emt 00:05:54]} Kh7 {[%clk 00:35:26]}
{[%emt 00:00:05]} 44. Rc7 {[%clk 00:07:27]} {[%emt 00:04:43]} Rd7 {[%clk
00:34:41]} {[%emt 00:01:14]} 45. Rxd7 {[%clk 00:07:10]} {[%emt 00:00:47]} Qxd7
{[%clk 00:35:05]} {[%emt 00:00:06]} 46. gxf4 {[%clk 00:07:23]} {[%emt
00:00:17]} exf4 {[%clk 00:35:21]} {[%emt 00:00:14]} 47. Qxf4 {[%clk 00:07:48]}
{[%emt 00:00:05]} Qe6 {[%clk 00:33:44]} {[%emt 00:02:05]} 48. Qf5+ {[%clk
00:05:58]} {[%emt 00:02:22]} Qxf5 {[%clk 00:34:06]} {[%emt 00:00:09]} 49. Nxf5
{[%clk 00:06:24]} {[%emt 00:00:04]} Nc3 {[%clk 00:34:33]} {[%emt 00:00:03]} 50.
Nd6 {[%clk 00:06:44]} {[%emt 00:00:10]} Nxa2 {[%clk 00:33:10]} {[%emt
00:01:53]} 51. Nc8 {[%clk 00:06:57]} {[%emt 00:00:16]} b5 {[%clk 00:33:38]}
{[%emt 00:00:03]} 52. Nxa7 {[%clk 00:06:52]} {[%emt 00:00:34]} b4 {[%clk
00:34:06]} {[%emt 00:00:02]} 53. Nb5 {[%clk 00:06:50]} {[%emt 00:00:30]} b3
{[%clk 00:34:28]} {[%emt 00:00:10]} 54. Na3 {[%clk 00:05:12]} {[%emt 00:02:08]}
Nc3 {[%clk 00:34:56]} {[%emt 00:00:02]} 55. Nc4 {[%clk 00:05:24]} {[%emt
00:00:14]} Nxe2 {[%emt 00:00:09]} 56. Kf3 {[%clk 00:02:03]} {[%emt 00:03:50]}
Nc3 {[%clk 00:34:29]} {[%emt 00:01:24]} 57. Nb2 {[%clk 00:02:07]} {[%emt
00:00:26]} Kg6 {[%clk 00:34:43]} {[%emt 00:00:16]} 58. Ke3 {[%clk 00:01:45]}
{[%emt 00:00:50]} Kf5 {[%clk 00:34:12]} {[%emt 00:01:02]} 59. Kf3 {[%clk
00:01:33]} {[%emt 00:00:42]} Nd5 {[%clk 00:33:05]} {[%emt 00:01:37]} 60. Nc4
{[%clk 00:00:54]} {[%emt 00:01:07]} Ne7 {[%clk 00:32:47]} {[%emt 00:00:51]} 61.
Kg3 {[%clk 00:00:58]} {[%emt 00:00:26]} Ke4 {[%clk 00:32:57]} {[%emt 00:00:19]}
62. Nb2 {[%clk 00:00:46]} {[%emt 00:00:41]} Nf5+ {[%clk 00:33:19]} {[%emt
00:00:09]} 63. Kh3 {[%clk 00:00:35]} {[%emt 00:00:41]} Kf3 {[%clk 00:33:40]}
{[%emt 00:00:09]} 64. Nd3 {[%clk 00:00:36]} {[%emt 00:00:28]} Nd6 {[%clk
00:33:29]} {[%emt 00:00:43]} 65. Nb2 {[%clk 00:00:37]} {[%emt 00:00:28]} Kxf2
{[%clk 00:33:54]} {[%emt 00:00:06]} 66. Kh2 {[%clk 00:00:58]} {[%emt 00:00:08]}
Nf5 {[%clk 00:34:11]} {[%emt 00:00:13]} 67. Kh3 {[%clk 00:01:15]} {[%emt
00:00:13]} Ke2 {[%clk 00:34:38]} {[%emt 00:00:04]} 68. Kg2 {[%clk 00:01:21]}
{[%emt 00:00:23]} Nxh4 {[%clk 00:34:43]} {[%emt 00:00:26]} 69. Kg3 {[%clk
00:01:44]} {[%emt 00:00:06]} g5 {[%clk 00:35:08]} {[%emt 00:00:05]} 70. Kh3
{[%clk 00:01:49]} {[%emt 00:00:25]} Kd2 {[%clk 00:35:34]} {[%emt 00:00:05]} 71.
Kh2 {[%clk 00:02:04]} {[%emt 00:00:15]} Kc2 {[%clk 00:36:00]} {[%emt 00:00:04]}
72. Na4 {[%clk 00:02:16]} {[%emt 00:00:16]} b2 {[%clk 00:36:26]} {[%emt
00:00:06]} 73. Nxb2 {[%clk 00:02:37]} {[%emt 00:00:09]} Kxb2 {[%clk 00:36:53]}
{[%emt 00:00:03]} 74. Kh3 {[%clk 00:03:01]} {[%emt 00:00:06]} Kc3 {[%clk
00:37:20]} {[%emt 00:00:03]} 75. Kh2 {[%clk 00:03:21]} {[%emt 00:00:09]} Kd3
{[%clk 00:37:48]} {[%emt 00:00:02]} 76. Kg3 {[%clk 00:03:35]} {[%emt 00:00:16]}
Ke3 {[%clk 00:38:15]} {[%emt 00:00:04]} 77. Kh3 {[%clk 00:03:59]} {[%emt
00:00:06]} Nf5 {[%clk 00:38:38]} {[%emt 00:00:07]} 78. Kg2 {[%clk 00:04:20]}
{[%emt 00:00:08]} g4 {[%clk 00:39:04]} {[%emt 00:00:04]} 79. Kh2 {[%clk
00:04:39]} {[%emt 00:00:11]} h4 {[%clk 00:39:32]} {[%emt 00:00:03]} 80. Kg2
{[%clk 00:05:02]} {[%emt 00:00:06]} h3+ {[%clk 00:39:58]} {[%emt 00:00:05]} 81.
Kh2 {[%clk 00:05:06]} {[%emt 00:00:25]} Kf3 {[%clk 00:40:23]} {[%emt 00:00:04]}
82. Kg1 {[%clk 00:05:22]} {[%emt 00:00:15]} g3 {[%clk 00:40:37]} {[%emt
00:00:17]} 83. Kh1 {[%clk 00:05:35]} {[%emt 00:00:17]} Ne3 {[%clk 00:40:50]}
{[%emt 00:00:17]} 84. Kg1 {[%clk 00:05:45]} {[%emt 00:00:20]} g2 {[%clk
00:41:11]} {[%emt 00:00:09]} 85. Kh2 {[%clk 00:06:11]} {[%emt 00:00:03]} Kf2
{[%clk 00:41:37]} {[%emt 00:00:04]} 86. Kxh3 {[%clk 00:06:27]} {[%emt
00:00:15]} g1=Q {[%clk 00:42:03]} {[%emt 00:00:04]} 87. Kh4 {[%clk 00:06:39]}
{[%emt 00:00:17]} Qg4# {[%clk 00:40:35]} {[%emt 00:00:17]} 0-1